Package of Practices for Crops of Punjab KHARIF 2024 (Record no. 10382)
[ view plain ]
| 000 -LEADER | |
|---|---|
| fixed length control field | 00472nam a22001937a 4500 |
| 003 - CONTROL NUMBER IDENTIFIER | |
| control field | OSt |
| 005 - DATE AND TIME OF LATEST TRANSACTION | |
| control field | 20241025112300.0 |
| 008 - FIXED-LENGTH DATA ELEMENTS--GENERAL INFORMATION | |
| fixed length control field | 241025b |||||||| |||| 00| 0 eng d |
| 040 ## - CATALOGING SOURCE | |
| Transcribing agency | MRSPTU |
| 041 ## - LANGUAGE CODE | |
| Language code of text/sound track or separate title | ENG |
| 082 ## - DEWEY DECIMAL CLASSIFICATION NUMBER | |
| Classification number | 633.1 |
| Item number | BH-P |
| 100 ## - MAIN ENTRY--PERSONAL NAME | |
| Personal name | Bhullar, Makhan Singh |
| 245 ## - TITLE STATEMENT | |
| Title | Package of Practices for Crops of Punjab KHARIF 2024 |
| 260 ## - PUBLICATION, DISTRIBUTION, ETC. | |
| Place of publication, distribution, etc. | Ludhiana |
| Name of publisher, distributor, etc. | PAU |
| Date of publication, distribution, etc. | 2024 |
| 300 ## - PHYSICAL DESCRIPTION | |
| Extent | 191 |
| 650 ## - SUBJECT ADDED ENTRY--TOPICAL TERM | |
| Topical term or geographic name entry element | Agriculture |
| 700 ## - ADDED ENTRY--PERSONAL NAME | |
| Personal name | Salaria, Amit |
| 942 ## - ADDED ENTRY ELEMENTS (KOHA) | |
| Source of classification or shelving scheme | Dewey Decimal Classification |
| Koha item type | Book |
| Suppress in OPAC | No |
| Withdrawn status | Lost status | Source of classification or shelving scheme | Damaged status | Not for loan | Home library | Current library | Date acquired | Total checkouts | Full call number | Barcode | Date last seen | Price effective from | Koha item type | Date last checked out |
|---|---|---|---|---|---|---|---|---|---|---|---|---|---|---|
| Dewey Decimal Classification | MRSPTU Central Library | MRSPTU Central Library | 10/25/2024 | 633.1 BH-P | 41582 | 10/25/2024 | 10/25/2024 | Book | ||||||
| Dewey Decimal Classification | MRSPTU Central Library | MRSPTU Central Library | 10/25/2024 | 1 | 633.1 BH-P | 41583 | 09/30/2025 | 10/25/2024 | Book | 09/10/2025 | ||||
| Dewey Decimal Classification | MRSPTU Central Library | MRSPTU Central Library | 10/25/2024 | 1 | 633.1 BH-P | 41584 | 01/21/2025 | 10/25/2024 | Book | 12/02/2024 | ||||
| Dewey Decimal Classification | MRSPTU Central Library | MRSPTU Central Library | 10/25/2024 | 633.1 BH-P | 41585 | 10/25/2024 | 10/25/2024 | Book | ||||||
| Dewey Decimal Classification | MRSPTU Central Library | MRSPTU Central Library | 10/25/2024 | 1 | 633.1 BH-P | 41586 | 01/10/2025 | 10/25/2024 | Book | 12/19/2024 | ||||
| Dewey Decimal Classification | MRSPTU Central Library | MRSPTU Central Library | 10/25/2024 | 1 | 633.1 BH-P | 41587 | 01/13/2025 | 10/25/2024 | Book | 12/19/2024 | ||||
| Dewey Decimal Classification | MRSPTU Central Library | MRSPTU Central Library | 10/25/2024 | 633.1 BH-P | 41588 | 10/25/2024 | 10/25/2024 | Book | ||||||
| Dewey Decimal Classification | MRSPTU Central Library | MRSPTU Central Library | 10/25/2024 | 633.1 BH-P | 41589 | 10/25/2024 | 10/25/2024 | Book | ||||||
| Dewey Decimal Classification | MRSPTU Central Library | MRSPTU Central Library | 10/25/2024 | 1 | 633.1 BH-P | 41590 | 01/08/2025 | 10/25/2024 | Book | 01/02/2025 | ||||
| Dewey Decimal Classification | MRSPTU Central Library | MRSPTU Central Library | 10/25/2024 | 633.1 BH-P | 41591 | 10/25/2024 | 10/25/2024 | Book |
